Quantum meruit (Record no. 65729)

MARC details
000 -LEADER
fixed length control field 00928cam a2200217 4500
001 - CONTROL NUMBER
control field ABS63264
008 - FIXED-LENGTH DATA ELEMENTS--GENERAL INFORMATION
fixed length control field 000000n2000 000 0 eng u
035 ## - SYSTEM CONTROL NUMBER
System control number (Sirsi) u110223
100 ## - MAIN ENTRY--PERSONAL NAME
Personal name Lane, N.
245 ## - TITLE STATEMENT
Title Quantum meruit
260 ## - PUBLICATION, DISTRIBUTION, ETC.
Date of publication, distribution, etc. 2000
490 ## - SERIES STATEMENT
Series statement CMS Cameron Mckenna Construction Law Bulletin
Volume/sequential designation Winter 2000, 17-19(2)
520 ## - SUMMARY, ETC.
Summary, etc. Discusses the legal basis of 'quantum meruit' and situations where the contractor provides no valuation mechanism or expressly provides for the contractor to be paid a 'reasonable amount. In particular reviews the decision in"Serck Controls Ltd v Drake & Skull Engineering" and the valuation techniques to be used in assessing a reasonable sum.
590 ## - LOCAL NOTE (RLIN)
Local note ABS
650 ## - SUBJECT ADDED ENTRY--TOPICAL TERM
Topical term or geographic name entry element SERCK CONTROLS LTD V DRAKE AND SKULL ENGINEERING
650 ## - SUBJECT ADDED ENTRY--TOPICAL TERM
Topical term or geographic name entry element COSTS
650 ## - SUBJECT ADDED ENTRY--TOPICAL TERM
Topical term or geographic name entry element QUANTUM MERUIT
650 ## - SUBJECT ADDED ENTRY--TOPICAL TERM
Topical term or geographic name entry element COMPARABLES
690 ## - LOCAL SUBJECT ADDED ENTRY--TOPICAL TERM (OCLC, RLIN)
Topical term or geographic name as entry element BUILT ENVIRONMENT-BUILDING CONTRACT FORMS
942 ## - ADDED ENTRY ELEMENTS (KOHA)
Suppress in OPAC 0
Holdings
Withdrawn status Lost status Source of classification or shelving scheme Damaged status Not for loan Home library Current library Shelving location Date acquired Total Checkouts Full call number Barcode Date last seen Copy number Price effective from Koha item type
    Dewey Decimal Classification     London London Journal article 08/01/2001   ABS63264 110223-1001 06/08/2019 1 06/08/2019 Journal article